000 00473nam a2200181Ia 4500
005 20250508150422.0
008 008 250505s9999 xx 000 0 eng d
037 _aTextual
040 _aFEDL
_beng
_cFEDL
041 _aeng
_2eng
084 _a745.54, SAD
_qFEDL
100 _aSadler Arthur
_9756645
245 0 _aPaper sculpture
260 _aLondon, UK
_bBlandford Press
300 _a128p
942 _cTEXL
_h745.54, SAD
999 _c1323539
_d1323539